Zahraničný kapitál na Slovensku.

Výsledky prieskumu vo vybratých spoločných podnikoch - joint ventures - na Slovensku uskutočneného v posledných 2 rokoch Ústavom ekonomickej teórie SAV. Prínosy z medzinárodnej výrobnej spolupráce, bariéry a riziká zahraničných investícií, údaje o zahraničnom kapitáli v odvetviach v r. 1992 a základ...

ver descrição completa

Na minha lista:
Detalhes bibliográficos
Autor principal: Hošková, A.
Outros Autores: Repková, T., Prosnan, Jozef
Formato: Capítulo de Livro
Idioma:eslovaco
Assuntos:
Tags: Adicionar Tag
Sem tags, seja o primeiro a adicionar uma tag!

MARC

LEADER 00000naa a2200000 4500
001 r012043
005 20220826095032.0
041 0 |a slo 
044 |a SK 
245 1 0 |a Zahraničný kapitál na Slovensku.  |c A. Hošková, T. Repková, J. Prosnan 
520 |a Výsledky prieskumu vo vybratých spoločných podnikoch - joint ventures - na Slovensku uskutočneného v posledných 2 rokoch Ústavom ekonomickej teórie SAV. Prínosy z medzinárodnej výrobnej spolupráce, bariéry a riziká zahraničných investícií, údaje o zahraničnom kapitáli v odvetviach v r. 1992 a základnom vklade kapitálu v organizáciách. Portfoliové a priame investície. Organizácia priemyslu - brzda zahraničných investícií. 
610 2 0 |a kapitál zahraničný 
610 2 0 |a Slovensko 
610 2 0 |a 1991-1992 
610 2 0 |a joint ventures 
610 2 0 |a priemysel 
100 1 |a Hošková, A. 
700 1 |a Repková, T. 
700 1 |a Prosnan, Jozef